| 000 | 00904nam a2200205 i 4500 | ||
|---|---|---|---|
| 001 | 94726 | ||
| 003 | ES-MaACL | ||
| 005 | 20230906181536.0 | ||
| 007 | t| | ||
| 008 | 050512s1949 cu ||||1| spa d | ||
| 100 | 1 |
_aLoynaz del Castillo, Enrique. _974402 |
|
| 245 | 1 | 0 |
_aDiscursos leidos en la recepción pública del Mayor General Enrique Loynaz del Castillo el 29 de agosto de 1949. Contesta en nombre de la Corporación el Dr. Néstor Carbonell y Rivero (sobre el Mayor General José María Rodríguez) / _cLoynaz del Castillo, Enrique. |
| 260 |
_aLa Habana : _b[s.n.], _c1949 ( _fImp. Siglo XX) |
||
| 300 |
_a61 p., 1 lám. (1) ; _c25 cm. |
||
| 500 | _a(1).- Retrato del biografiado. | ||
| 500 | _aPrecede al tít: Academia de la Historia de Cuba. | ||
| 700 | 1 |
_aCarbonell y Rivero, Néstor. _935074 |
|
| 710 | 2 |
_aAcademia de la Historia de Cuba. _91183 |
|
| 852 |
_aES-MaACL _j1900-F-13 _bR.28838 |
||
| 999 |
_c94726 _d94726 |
||